[Event "VIE-ch U07 Girls"]
[Site "Ho Chi Minh City"]
[Date "2014.07.14"]
[Round "3"]
[White "Dao, Ngoc Bao Thy"]
[Black "Vu, Nguyen Bao Ngoc"]
[Result "1-0"]
[WhiteElo "1422"]
[BlackElo "1429"]
[PlyCount "117"]
[EventDate "2014.07.13"]
[EventType "swiss"]
[EventRounds "9"]
[EventCountry "VIE"]
[SourceTitle "EXT 2016"]
[Source "ChessBase"]
[SourceDate "2015.10.08"]
[SourceVersion "1"]
[SourceVersionDate "2015.10.08"]
[SourceQuality "1"]

1. e4 e5 2. Bc4 Bc5 3. Qh5 Qe7 4. Qd1 Nf6 5. Nc3 Qd8 6. Nf3 Nc6 7. d3 h6 8. Be3 Bb6 9. h3 d6 10. Bb3 Be6 11. d4 exd4 12. Nxd4 Nxd4 13. Bxd4 Bxd4 14. Qxd4 0-0 15. 0-0 Qd7 16. Rfe1 Rfe8 17. Re3 c5 18. Qd3 Bxb3 19. axb3 a6 20. Rg3 Re6 21. Qe3 Nh7 22. Qf3 Rd8 23. Nd5 Nf6 24. Nxf6+ Rxf6 25. Qxf6 g6 26. Rg4 h5 27. Rg3 Rc8 28. Rd1 Rc6 29. e5 d5 30. Qf3 d4 31. c3 a5 32. Qf4 Qc7 33. Rf3 b6 34. Re1 b5 35. e6 Qxf4 36. Rxf4 fxe6 37. cxd4 cxd4 38. Rxd4 b4 39. Re5 Ra6 40. Rc4 Kf7 41. Rcc5 a4 42. Ra5 Rc6 43. bxa4 Kf6 44. Rec5 Rd6 45. Ra8 Rd1+ 46. Kh2 Ra1 47. a5 Ra2 48. Rc2 b3 49. Re2 e5 50. a6 Kg5 51. a7 h4 52. g3 hxg3+ 53. fxg3 e4 54. g4 e3 55. Kg3 Ra1 56. h4+ Kh6 57. Rh8+ Kg7 58. a8Q Rxa8 59. Rxa8 1-0